000
00232nam a2200085Ia 4500
245
0
_a
If you are afraid of heights
100
_a
JHA, Raj Kamal London, 2003
_9
103912
942
_c
BK
008
210818s9999 xx 000 0 und d
999
_c
464422
_d
464421